|
|
|
|
| LEADER |
00872nam a2200253 a 4500 |
| 001 |
c000111402 |
| 003 |
CARM |
| 005 |
19991210114035.0 |
| 008 |
761029s1976 enk 000 1 eng d |
| 015 |
|
|
|a B7632024
|
| 019 |
1 |
|
|a 3517292
|5 LACONCORD2021
|
| 020 |
|
|
|a 0002336227 :
|c L.2.75
|
| 035 |
|
|
|a (OCoLC)16370363
|5 LACONCORD2021
|
| 040 |
|
|
|a BNB
|b eng
|c BNB
|d ABN:1V
|
| 082 |
0 |
4 |
|a 823/.9/1
|2 18
|
| 100 |
1 |
|
|a Rowan, Hester.
|
| 245 |
1 |
0 |
|a Overture in Venice /
|c Hester Rowan.
|
| 260 |
|
|
|a London :
|b Collins,
|c 1976.
|
| 300 |
|
|
|a 158 p. ;
|c 19cm.
|
| 500 |
|
|
|a Fiction in English, 1900-. Texts (BNB/PRECIS)
|
| 650 |
|
0 |
|a English fiction.
|
| 852 |
8 |
|
|b CARM
|h A2:AJ14G0
|i A02320
|p 0156916
|f BK
|
| 999 |
f |
f |
|i 12e90803-c278-5eb5-882e-d98ad88e7926
|s d88ee42a-3492-5e63-a528-e209ff1a8eeb
|
| 952 |
f |
f |
|p Can circulate
|a CAVAL
|b CAVAL
|c CAVAL
|d CARM 1 Store
|e A02320
|f A2:AJ14G0
|h Other scheme
|i book
|m 0156916
|